Microbes in the sea

Αποθηκεύτηκε σε:
Λεπτομέρειες βιβλιογραφικής εγγραφής
Άλλοι συγγραφείς: Sleigh, M. A. (Επιμελητής έκδοσης)
Μορφή: Βιβλίο
Γλώσσα:English
Δημοσίευση: New York : Ellis Horwood , 1987
Θέματα:
Ετικέτες: Προσθήκη ετικέτας
Δεν υπάρχουν, Καταχωρήστε ετικέτα πρώτοι!

MARC

LEADER 00000nam a2200000 i 4500
001 1/6352
008 960628s1987 eng d
020 |a 0-7458-0326-1 
035 |l 10016323 
040 |a GR-MY-UA  |b gre  |e aacr 
041 0 |a eng 
082 0 |a 576.192 
245 1 0 |a Microbes in the sea /  |c edited by M. A. Sleigh 
260 |a New York :   |b Ellis Horwood ,   |c 1987 
300 |a 241 p.  |b fig; tabl. 
504 |a Includes bibliographical references and index 
650 0 0 |a Marine microbiology. 
700 1 |a Sleigh, M. A.  |4 edt 
852 |a INST  |b LESVOS  |e 19960628  |h 576.192 MIC  |p 005100005603  |q 005100005603  |t BK  |y 0 
909 |a Λ  |b 021242